Żabson Hollywood Smile Extreme - Track lista - Statystyki

Ogólne statystyki
  • Ten quiz został rozwiązany 12 razy
  • Średni wynik to 15 z 25
Statystyki odpowiedzi
Nr Utwór % Poprawnych
5 KLASYK
100%
13 COWABONGA
89%
17 PRZEKAZ MYŚLI
89%
25 COWABONGA - REMIX
78%
15 JOHNY DANG
78%
14 LOLA
78%
12 DRIP CHEAP GANG
67%
10 JESZCZE RAZ
67%
24 JEZUS
67%
11 KLASA BIZNES
67%
16 APOLLO 13
56%
8 AVOCADO TOAST
56%
2 FAKTY
56%
9 JESZCZE NIE TO
56%
3 KONFETTI
56%
21 MAGIC CITY
56%
1 PROSTAK
56%
19 TORNADO
56%
6 AMBASADOR
44%
4 BOUNCE BACK
44%
18 FUTURE TRUNKS
44%
23 HERE WE GO
44%
22 RAVE
44%
7 NIEISTOTNE
33%
20 I00
11%
Nie znaleziono quizów pasujących do podanych kryteriów
Rozkład punktacji
Procent ludzi z każdym wynikiem
Percentyl według liczby udzielonych odpowiedzi
Twoja historia wyników
Nie rozwiązałeś tego quizu